Random Geography #2 - Statistics

General Stats
  • This quiz has been taken 45 times
    32 since last reset
  • The average score is 10 of 12
Answer Stats
Hint Answer % Correct
Second longest River in the World Amazon
100%
Longest River in the World Nile
100%
Biggest HOT desert in the World Sahara
100%
Biggest ocean Pacific Ocean
96%
Country that has the tallest bulding United Arab Emirates
93%
Country with the largest armed forces China
82%
The oldest national park Yellowstone
82%
Country with the most poisonous animals Australia
79%
Country with the biggest capital-city Japan
79%
Second highest mountain in the world K2
79%
Biggest neighbour of France Brazil
71%
The oldest Country Iran
39%
No matching quizzes found
Score Distribution
Percent of People with Each Score
Percentile by Number Answered
Your Score History
You have not taken this quiz since the last reset